[Event "Harrogate 4NCL op-B 31st"]
[Site "Harrogate"]
[Date "2024.01.20"]
[Round "3"]
[White "Wilson, Graham J"]
[Black "Freund, Michael P"]
[Result "1/2-1/2"]
[WhiteElo "1785"]
[BlackElo "1661"]
[PlyCount "56"]
[EventDate "2024.01.19"]
[EventType "swiss"]
[EventRounds "5"]
[EventCountry "ENG"]
[SourceTitle "CB06_2024"]
[SourceDate "2024.02.07"]
[SourceVersion "1"]
[SourceVersionDate "2024.02.07"]
[SourceQuality "1"]

1. e4 e6 2. d3 d5 3. Nd2 dxe4 4. dxe4 Bc5 5. Ngf3 Nf6 6. Bd3 e5 7. 0-0 Bg4 8. Nb3 Be7 9. Be3 0-0 10. h3 Bxf3 11. Qxf3 Nbd7 12. Rad1 c6 13. Qe2 Qc7 14. f4 exf4 15. Bxf4 Bd6 16. Bg5 Be5 17. c3 h6 18. Be3 c5 19. Nd2 a6 20. Nc4 Qc6 21. Rf5 Rfe8 22. Rdf1 Bc7 23. Nd2 Re5 24. Qf2 Rxf5 25. exf5 Ne5 26. Be2 Rd8 27. Bf3 Nxf3+ 28. Nxf3 Ne4 1/2-1/2

[Event "BCF-chT4 2223 (4NCL)"]
[Site "England"]
[Date "2023.05.01"]
[Round "11.132"]
[White "Deacon, David J"]
[Black "Freund, Michael P"]
[Result "1/2-1/2"]
[WhiteElo "1854"]
[BlackElo "1633"]
[PlyCount "58"]
[EventDate "2022.11.05"]
[EventType "team-swiss"]
[EventRounds "11"]
[EventCountry "ENG"]
[SourceTitle "EXT 2024"]
[Source "ChessBase"]
[SourceDate "2023.10.10"]
[SourceVersion "1"]
[SourceVersionDate "2023.10.10"]
[SourceQuality "1"]
[WhiteTeam "Wessex Some Stars II"]
[BlackTeam "Deaf England"]
[WhiteTeamCountry "ENG"]
[BlackTeamCountry "ENG"]

1. d4 e6 2. c4 d5 3. g3 Nf6 4. Nf3 c6 5. Bg2 Bd6 6. 0-0 0-0 7. Qc2 Nbd7 8. Nbd2 Re8 9. e4 dxe4 10. Nxe4 Nxe4 11. Qxe4 Nf6 12. Qc2 e5 13. dxe5 Bxe5 14. Nxe5 Rxe5 15. Bf4 Bf5 16. Qb3 Re7 17. Rfe1 Rxe1+ 18. Rxe1 Qb6 19. Qxb6 axb6 20. a3 Be6 21. Bc7 Bxc4 22. Bxb6 Bd5 23. Re7 Re8 24. Rxe8+ Nxe8 25. Bh3 Be6 26. Bxe6 fxe6 27. f3 Kf7 28. Kf2 e5 29. Ke3 Ke6 1/2-1/2